[Event "Stay Safe Play From Home 236"]
[Site "Emanuel Lasker Arena"]
[Date "2020.06.18"]
[Round "3"]
[White "Mepe_Nika"]
[Black "Greblha"]
[Result "1-0"]
[WhiteElo "2347"]
[BlackElo "1970"]
[Annotator "TA"]
[PlyCount "61"]
[EventDate "2020.06.18"]
[EventType "swiss (blitz)"]

{[%evp 13,60,21,47,33,52,2,79,68,76,70,68,42,36,4,24,-21,-21,-21,-21,-14,229,231,234,221,649,656,832,838,972,975,1079,1065,1022,926,905,864,964,958,1219,1022,1018,955,903,583,1295,1292,3653,2957,29999]} 1. d4 c6 2. Bf4 d5 3. e3 Nf6 4. c4 g6 5. Nc3 Bg7 6. h3 O-O 7. Nf3 Nbd7 8. Qc2 {D93: Grünfeld: 4 Nf3 Bg7 5 Bf4 0-0 6 e3.} e6 9. c5 {[#]} b5 $146 (9... Ne4 $11) ({Predecessor:} 9... b6 10. b4 a5 11. cxb6 Nxb6 12. Ne5 Bb7 13. Rb1 Nbd7 14. bxa5 Qc8 15. Bd3 Rxa5 16. O-O c5 17. Qb2 Ba6 18. Bxa6 Qxa6 19. Nxd7 {½-½ (21) Chabanon,J (2424)-Dunis,A (2485) Marseille 2005}) 10. Bd6 $16 {White is better.} Re8 11. Bd3 a5 12. O-O b4 13. Na4 Ba6 14. b3 Bxd3 15. Qxd3 Ne4 16. Bh2 Ndf6 $2 {Loses the game.} (16... f6 $11 {and Black stays safe.}) 17. Nb6 $18 Ra7 {[#]} 18. Ne5 $1 {[%cal Re5c6]} Ree7 $2 (18... Rc7 19. Qa6 Nd2) 19. Nxc6 {[%mdl 64] Double Attack} Qf8 20. f3 Ng5 21. Bd6 {[%mdl 64] Pin, Skewer} Rab7 22. Nxe7+ Rxe7 23. Bxe7 Qxe7 24. Qa6 e5 25. c6 exd4 26. Qc8+ Bf8 27. exd4 Qe3+ 28. Rf2 Nxh3+ 29. gxh3 Nh5 30. Nd7 {[%csl Gd7][%cal Rc8f8] [#]} Kg7 31. Qxf8# {Accuracy: White = 69%, Black = 42%.} 1-0

[Event "Stay Safe Play From Home 236"]
[Site "Emanuel Lasker Arena"]
[Date "2020.06.18"]
[Round "3"]
[White "BrainThinker22"]
[Black "little champs"]
[Result "1-0"]
[WhiteElo "2269"]
[BlackElo "2290"]
[Annotator "NA RC"]
[PlyCount "53"]
[EventDate "2020.06.18"]
[EventType "swiss (blitz)"]

1. e4 {[%emt 0:00:01]} c6 {[%emt 0:00:01]} 2. Nc3 {[%emt 0:00:00]} d5 {[%emt 0:00:00]} 3. e5 {[%emt 0:00:00]} c5 {[%emt 0:00:01]} 4. d3 {[%emt 0:00:00]} Nc6 {[%emt 0:00:00]} 5. f4 {[%emt 0:00:00]} Bf5 {[%emt 0:00:01]} 6. g3 {[%emt 0:00:01]} e6 {[%emt 0:00:01]} 7. Bg2 {[%emt 0:00:01]} a6 {[%emt 0:00:02]} 8. Nge2 {[%emt 0:00:01]} f6 {[%emt 0:00:00]} 9. exf6 {[%emt 0:00:01]} Nxf6 {[%emt 0:00:01]} 10. O-O {[%emt 0:00:00]} Be7 {[%emt 0:00:00]} 11. h3 {[%emt 0:00:00]} O-O {[%emt 0:00:00]} 12. g4 {[%emt 0:00:00]} Bg6 {[%emt 0:00:00]} 13. Ng3 {[%emt 0:00:00]} Bf7 {[%emt 0:00:01]} 14. g5 {[%emt 0:00:01]} e5 {[%emt 0:00:01]} 15. gxf6 {[%emt 0:00:01]} Bxf6 {[%emt 0:00:00]} 16. f5 {[%emt 0:00:01]} Re8 {[%emt 0:00:02]} 17. Nh5 {[%emt 0:00:01]} Bh4 {[%emt 0:00:02]} 18. f6 {[%emt 0:00:02]} g6 {[%emt 0:00:01]} 19. Qg4 {[%emt 0:00:01]} Nd4 {[%emt 0:00:09]} 20. Qxh4 {[%emt 0:00:01]} gxh5 {[%emt 0:00:00]} 21. Qg5+ {[%emt 0:00:01]} Bg6 {[%emt 0:00:01]} 22. f7+ {[%emt 0:00:01]} Kg7 {[%emt 0:00:00]} 23. fxe8=Q {[%emt 0:00:07]} Qxe8 {[%emt 0:00:00]} 24. Qf6+ {[%emt 0:00:03]} Kg8 {[%emt 0:00:01]} 25. Bxd5+ {[%emt 0:00:01]} Bf7 {[%emt 0:00:02]} 26. Bxf7+ {[%emt 0:00:01]} Kf8 {[%emt 0:00:01]} 27. Be6+ {[%emt 0:00:01] little champs resigns (Lag: Av=0.64s, max=1.0s)} 1-0

[Event "Stay Safe Play From Home 236"]
[Site "Emanuel Lasker Arena"]
[Date "2020.06.18"]
[Round "3"]
[White "SoulofWolf"]
[Black "Souchov"]
[Result "1-0"]
[WhiteElo "2172"]
[BlackElo "1804"]
[Annotator "TA"]
[PlyCount "107"]
[EventDate "2020.06.18"]
[EventType "swiss (blitz)"]

{[%evp 10,107,34,21,47,20,23,-17,-6,-80,-87,-186,-85,-176,-174,-206,-168,-231,-218,-187,-200,-214,-183,-234,-216,-256,-233,-235,-151,-218,-212,-272,-265,-328,-231,-239,-227,-363,-354,-354,-339,-331,-297,-398,-237,-237,-145,-224,0,0,29984,484,1312,1285,1252,1233,1074,0,0,0,0,-128,-129,-293,-295,-277,0,0,0,-9,-10,-129,82,-40,479,439,29992,29992,29993,29992,29993,29992,29992,29993,29993,29994,29994,29995,29995,29996,29996,29996,29996,29997,29999,29998,29998,29997,29998,29997]} 1. Nf3 Nf6 2. d4 g6 3. c4 Bg7 4. Nc3 O-O 5. Bg5 d6 6. Qd2 Nc6 {[%cal Bb8c6,Bc6a5,Ba5b3][%mdl 32] [#] E61: King's Indian: Early deviations for White, including Smyslov System.} 7. O-O-O $146 ({Predecessor:} 7. Bh6 Bg4 8. Bxg7 Kxg7 9. Ng5 e5 10. d5 Ne7 11. h3 Bd7 12. e4 h6 13. Nf3 {½-½ (44) Vajna,Z (1352)-Torok,M (1419) Hungary 2015}) 7... a5 8. a3 a4 {The position is equal.} 9. h3 (9. e3 $11) 9... Na5 $1 $17 {[%cal Ra5b3]} 10. Kb1 (10. Qc2 $17) 10... Be6 ({Don't take} 10... Nxc4 11. Qc2 $17) (10... Bf5+ $19 {has better winning chances.} 11. Ka2 Nxc4) 11. d5 (11. Bxf6 $17 Bxf6 12. d5 Bf5+ 13. e4 Bxc3 14. Qxc3 Bxe4+ 15. Bd3 Bxf3 16. gxf3) 11... Bf5+ $19 ({Don't play} 11... Nxc4 12. Qc2 $15) 12. Ka2 Nb3 13. Qe1 (13. Qf4 $142) 13... Bc2 14. e4 Bxd1 15. Qxd1 Nd7 16. Bd3 (16. Nxa4 {is a better defense.} Ndc5 17. Nxc5 Nxc5 18. Qc2) 16... h6 17. Bh4 Ndc5 18. Bc2 Kh7 {[#]} 19. g4 (19. e5 $1 $17 {[%mdl 512] might work better.}) 19... Na5 20. Re1 Nxc4 21. e5 Nxe5 22. Nxe5 Bxe5 23. Qf3 (23. Nxa4 {was necessary.} Nd7 24. Qd3) 23... Qd7 24. Bg3 Bxg3 25. Qxg3 b5 26. Qf4 b4 (26... e5 $142 27. Qb4 Rab8) 27. axb4 {[#]} Nb3 $1 28. h4 (28. Qc4 $17) (28. Bxb3 e5) 28... Rab8 $2 (28... e6 $19 {White must now prevent ...e5.} 29. h5 e5) 29. h5 $11 c5 $2 {[%mdl 8192]} (29... e5 $11 30. dxe6 fxe6) 30. dxc6 (30. Rh1 $142 Nc1+ 31. Qxc1 Rh8 32. hxg6+ Kg7 33. bxc5 fxg6 34. Re1 Rhf8 35. c6) 30... Qxc6 (30... e5 $142) 31. Rxe7 {Intending Bxg6+ and mate.} Kg7 32. hxg6 {[%cal Re7f7]} Rb7 {[#]} 33. Rxf7+ $2 (33. g5 $3 $18 {[%mdl 512] Threatening mate with Qf6+.} hxg5 34. Qxg5) 33... Rbxf7 34. gxf7 $40 {[%mdl 128] Black needs to defend precisely.} Rxf7 35. Qe3 (35. b5 $11 Rxf4 36. bxc6) 35... Qc4 $1 $17 {[%csl LRb4,LRg4][%mdl 64] Hoping for ...Nd4+. Double Attack} 36. Ka3 $2 (36. Kb1 $17) 36... Nd4 $19 ({Stronger than} 36... Qxg4 37. Qd3 $11) 37. Bd1 Nb5+ $2 (37... Rb7 $19 38. b5 Nxb5+ 39. Nxb5 Qxb5 40. Qc3+ Qe5) 38. Nxb5 $11 Qxb5 {[%mdl 4096] Endgame KQR-KQB} 39. Qc3+ Qe5 40. Bxa4 (40. b5 $11) 40... Ra7 $2 (40... Rxf2 $17 41. b5 Rf8) 41. Qb3 (41. b5 $16) 41... Rxa4+ $2 {[%mdl 8192]} (41... d5 $15 {stays ahead.}) 42. Qxa4 $18 Qxb2+ (42... h5 $18 43. gxh5 Qxh5 44. Qd7+ Kg8 45. Qxd6 Qf3+ 46. b3 Qb7 47. Qg6+ Kh8 48. Qf6+ Kg8 49. Qg6+ Kh8 50. Qh6+ Kg8 51. Qg6+) 43. Kxb2 {White mates.} Kf6 44. Kc3 Kg5 45. Qa6 Kxg4 46. b5 h5 47. b6 h4 48. b7 h3 49. b8=Q h2 50. Qa1 Kf3 51. Qh1+ {[%mdl 64] Double Attack} Ke2 52. Kd4 {[%cal Rb8b2]} Kxf2 53. Kd5 Ke2 54. Ke6 {What a bad dream for Black. Accuracy: White = 22%, Black = 43%.} 1-0

[Event "Stay Safe Play From Home 236"]
[Site "Emanuel Lasker Arena"]
[Date "2020.06.18"]
[Round "3"]
[White "Position"]
[Black "Lamborghini"]
[Result "0-1"]
[WhiteElo "2072"]
[BlackElo "2234"]
[Annotator "TA"]
[PlyCount "102"]
[EventDate "2020.06.18"]
[EventType "swiss (blitz)"]

{[%evp 9,102,0,10,15,17,15,24,0,20,9,32,16,50,18,41,43,58,33,49,43,31,-6,35,-22,41,38,50,-273,49,42,55,37,165,0,80,43,91,60,69,0,0,-185,-169,-212,-217,-203,-202,-313,-313,-405,-156,-156,-156,-156,-105,-97,-81,-194,-151,-286,-263,-272,-262,-543,-535,-651,-650,-884,-860,-860,-832,-923,-975,-1265,-1239,-29974,-29975,-29986,-6111,-29987,-29988,-29984,-29980,-29981,-29982,-29983,-29984,-29984,-29982,-29985,-29986,-29988,-29989,-29996,-29989]} 1. b3 Nf6 2. Bb2 d6 3. Nf3 e5 4. d3 g6 5. g3 {[#]} Bh6 $146 ({Predecessor:} 5... Bg7 6. Bg2 O-O 7. O-O Re8 8. Nbd2 c5 9. c4 Nc6 10. a3 a5 11. Ne4 Nxe4 12. dxe4 a4 13. Nd2 Be6 14. Bc3 axb3 15. Qxb3 {½-½ (48) Yilmaz,M (2543)-Kanarek,M (2487) Athens 2012}) 6. Bg2 {A05: Réti Opening: 1 Nf3 Nf6.} O-O 7. O-O Nbd7 8. Nbd2 {White has an edge.} c5 9. Ne4 Nxe4 (9... Ne8 {looks sharper.} 10. Nc3 f5 11. Nd2 Ndf6 12. Nc4 Rb8) 10. dxe4 Nf6 11. Nd2 Qc7 12. a4 Rd8 13. Nc4 Be6 14. Qd3 Bg7 15. Rfd1 Ne8 (15... d5 $5 16. exd5 Nxd5 $11) 16. Ne3 (16. a5 $14) 16... Rab8 (16... d5 $1 $11) 17. Nd5 Bxd5 18. exd5 $2 {[%mdl 8192] [#]} (18. Qxd5 $14 {is the one way to stay ahead.} Qe7 19. e3) 18... f5 $2 (18... e4 $1 $19 {[%cal Re4d3][%mdl 512]} 19. Qxe4 Bxb2) 19. e4 $14 Qf7 20. Rab1 Nf6 (20... Nc7 $14) 21. Re1 $2 (21. exf5 $18 Rf8 22. fxg6 Qxg6 23. Qxg6 hxg6 24. Rf1) 21... f4 (21... fxe4 $11 22. Bxe4 Nxe4 23. Rxe4 Rf8) 22. c4 Nh5 23. Bf3 Rf8 {Hoping for ...fxg3.} 24. Bxh5 (24. Bg4 $14 Kh8 25. Rf1) 24... gxh5 $11 25. f3 $2 (25. Kh1 $11 {and White stays safe.}) 25... fxg3 $19 26. hxg3 Qxf3 27. Qxf3 Rxf3 28. Kg2 (28. Bc1 $142) 28... Rxb3 29. Ba1 Rxb1 $2 (29... Ra3 $19 {is more deadly.} 30. a5 Rxa5) 30. Rxb1 {[%mdl 4096] Endgame KRB-KRB} Kf7 31. a5 a6 ({Better is} 31... Kg6 32. Bc3 Bh6) 32. Bc3 $17 Bf6 33. Rf1 (33. Rb6 $17) 33... Kg6 34. Rf5 (34. Kf2 $17) 34... b5 35. axb6 Rxb6 36. Kh3 $2 (36. Rf2) 36... Rb3 $19 37. Be1 Re3 {[%mdl 64] [#] Double Attack} 38. Bf2 Rxe4 39. Rf3 Rxc4 40. Kg2 e4 41. Rb3 Bd4 42. Bxd4 cxd4 {KR-KR} 43. Rb6 Kf5 (43... Rc2+ $142 44. Kf1 d3 45. Rb1 d2 46. Ke2 Rc1 47. Kxd2 Rxb1 48. Kc2 Rg1 49. Kc3 e3 50. Kd3 Rxg3 51. Kc3 h4 52. Kd3 h3 53. Kc3 h2 54. Kc2 h1=Q 55. Kc3 e2+ 56. Kb2 e1=Q 57. Kc2 Qh2#) 44. Rxd6 Rc2+ {Black mates.} 45. Kh3 Ke5 46. Re6+ Kxd5 47. Rh6 e3 48. Rxh5+ Kc4 49. Rxh7 Kd3 50. Rd7 e2 51. g4 Kd2 {Accuracy: White = 41%, Black = 58%.} 0-1

[Event "Stay Safe Play From Home 236"]
[Site "Emanuel Lasker Arena"]
[Date "2020.06.18"]
[Round "3"]
[White "Haxhi Baha"]
[Black "Lazieri3"]
[Result "0-1"]
[WhiteElo "2002"]
[BlackElo "2106"]
[Annotator "TA"]
[PlyCount "74"]
[EventDate "2020.06.18"]
[EventType "swiss (blitz)"]

{[%evp 9,73,2,21,-378,-388,-383,-371,-387,-389,-389,-377,-383,-343,-379,-370,-368,-362,-366,-358,-358,-287,-353,-229,-230,-221,-323,-327,-343,-129,-270,-267,-264,-256,-250,-274,-981,-414,-430,-328,-748,-716,-29981,-29983,-29981,-1216,-6479,-1216,-1175,-1166,-5410,-848,-1222,-658,-647,-627,-777,-654,-1043,-827,-825,-764,-29988,-29971,-29969,-29958,-29999]} 1. e4 c6 2. Nf3 d5 3. Nc3 dxe4 4. Nxe4 Nf6 5. Nc3 {[#]} Be6 $146 ({Predecessor:} 5... Bf5 6. Bc4 e6 7. d3 Nbd7 8. h3 Be7 9. Qe2 O-O 10. Nh4 Bg6 11. Nxg6 hxg6 12. a4 Nb6 {½-½ (29) Roy Chowdhury,S (2471)-Del Rio de Angelis,S (2484) Llucmajor 2013}) 6. Bc4 $2 {[%mdl 8192] B11: Caro-Kann: Two Knights Variation.} (6. d4 $11) 6... Bxc4 $19 7. d3 Bd5 8. Bf4 {Black is winning.} Bxf3 9. Qxf3 e6 10. O-O-O h6 11. g4 Bd6 12. Be3 Qc7 13. h4 Nd5 14. Ne4 Bf4 15. g5 Nxe3 16. fxe3 Bd6 $1 17. gxh6 (17. Rhf1 $142 Bf8 18. Rd2) 17... Rxh6 18. Rhg1 f6 $2 (18... Bf8 $19 {has better winning chances. Strongly threatening ...Nd7.} 19. Rdf1 f6) 19. Nxd6+ {This move loses the game for White.} (19. Qg4 $17 Bf8 20. Qxe6+ Kd8 21. Ng3) 19... Qxd6 20. Rxg7 {aiming for Qg2.} Nd7 21. Rdg1 {intending Rxd7!} O-O-O 22. Rf7 $2 (22. Qf2) 22... Rxh4 (22... Ne5 $142 23. Qf2 Nxf7) 23. a3 Qd5 24. e4 $2 (24. Qxd5 cxd5 25. Rgg7) 24... Qa2 25. Rgg7 Rh2 {[%cal Ra2a1]} 26. Rg2 {[#]} Qa1+ (26... Ne5 $142 $1 {[%mdl 512]} 27. Rxh2 Nxf3 28. c3 Nxh2 29. Rg7 Rxd3 30. Rg8+ Kc7 31. Kc2 {[#]} Qc4 $1 {[%mdl 512]} 32. Rg7+ Kb6 33. a4 Nf1 34. Rd7 Rxd7 35. a5+ Ka6 36. b4 Rd2+ 37. Kc1 Qxc3+ 38. Kb1 Qb2#) 27. Kd2 Rxg2+ 28. Qxg2 Qxb2 {And now ...Ne5! would win.} 29. Qg4 f5 30. exf5 exf5 31. Qxf5 Qxa3 32. Qe6 a5 {[%cal Ba7a5,Ba5a4,Ba4a3][%mdl 32]} 33. Re7 Qb4+ 34. Kc1 a4 {...a3 is the strong threat.} 35. Qa2 a3 {Black mates.} 36. Re4 {[#]} Qc3 $1 37. Rc4 Qe1# {Accuracy: White = 43%, Black = 39%.} 0-1

[Event "Stay Safe Play From Home 236"]
[Site "Emanuel Lasker Arena"]
[Date "2020.06.18"]
[Round "3"]
[White "NeatFox"]
[Black "Klasman"]
[Result "1-0"]
[WhiteElo "1772"]
[BlackElo "1269"]
[Annotator "NA RC"]
[PlyCount "31"]
[EventDate "2020.06.18"]
[EventType "swiss (blitz)"]

1. g4 {[%emt 0:00:00]} d5 {[%emt 0:00:02]} 2. Bg2 {[%emt 0:00:00]} Bxg4 {[%emt 0:00:03]} 3. c4 {[%emt 0:00:00]} Be6 {[%emt 0:00:03]} 4. Qb3 {[%emt 0:00:01]} dxc4 {[%emt 0:00:15]} 5. Qxb7 {[%emt 0:00:01]} c6 {[%emt 0:00:09]} 6. Qxa8 {[%emt 0:00:01]} Bd5 {[%emt 0:00:02]} 7. Bxd5 {[%emt 0:00:02]} cxd5 {[%emt 0:00:03]} 8. Qxa7 {[%emt 0:00:00]} Nf6 {[%emt 0:00:03]} 9. Qa4+ {[%emt 0:00:02]} Nfd7 {[%emt 0:00:03]} 10. Nc3 {[%emt 0:00:01]} e6 {[%emt 0:00:02]} 11. Nf3 {[%emt 0:00:01]} Bc5 {[%emt 0:00:02]} 12. Rg1 {[%emt 0:00:01]} O-O {[%emt 0:00:01]} 13. d4 {[%emt 0:00:03]} cxd3 {[%emt 0:00:02]} 14. Bh6 {[%emt 0:00:02]} Qf6 {[%emt 0:00:04]} 15. Qf4 {[%emt 0:00:06]} Qxf4 {[%emt 0:00:04]} 16. Bxf4 {[%emt 0:00:01] Time} 1-0

[Event "Stay Safe Play From Home 236"]
[Site "Emanuel Lasker Arena"]
[Date "2020.06.18"]
[Round "3"]
[White "Tartak"]
[Black "Bardellosport"]
[Result "0-1"]
[WhiteElo "1717"]
[BlackElo "2041"]
[Annotator "TA"]
[PlyCount "102"]
[EventDate "2020.06.18"]
[EventType "swiss (blitz)"]

{[%evp 9,102,27,29,20,27,21,51,58,77,72,92,81,215,224,237,235,245,239,243,109,106,105,410,428,505,501,549,557,553,540,656,658,651,625,630,641,918,854,931,879,6850,361,352,-653,-33,-31,-38,-157,-106,-99,-131,-151,-89,-846,-830,-833,-641,-791,-594,-908,-820,-899,-885,-949,-946,-943,-868,-939,-914,-1008,-996,-967,-951,-909,-898,-694,-491,-12844,-1290,-29995,-29992,-29995,-29990,-29990,-29991,-29991,-29992,-29993,-29989,-29990,-12847,-12848,-12848,-12849,-12847]} 1. e4 d6 2. f3 Nd7 3. d4 g6 {[#]} 4. Bc4 $146 ({Predecessor:} 4. Nc3 Bg7 5. Be3 e5 6. Bc4 c6 7. Nge2 Ngf6 8. Bb3 O-O 9. O-O Qc7 10. a4 Re8 {1-0 (25) Aritra,G (1570)-Handayani,T (1938) Penang 2017}) 4... e6 5. Nh3 Bg7 6. Nc3 {B07: Pirc Defence: Miscellaneous Systems.} Ne7 7. Be3 b6 8. Qd2 {White is slightly better.} Bb7 9. O-O-O h6 10. Nf4 a6 {[#]} (10... Nf6 $16 {might work better.}) 11. Bxe6 $1 $18 {[%mdl 512]} fxe6 12. Nxe6 {[%mdl 64] Double Attack} Qc8 13. Nxg7+ Kf7 14. d5 (14. Bxh6 $18 {has better winning chances.} Rxh6 15. Qxh6) 14... Kxg7 $16 15. Bd4+ Ne5 $2 {[%mdl 8192]} (15... Kh7 $16) 16. f4 $18 {[%mdl 64] Pin} Kh7 17. fxe5 dxe5 18. Bxe5 Rf8 19. h4 Ng8 20. h5 Qg4 21. hxg6+ Qxg6 22. g4 Nf6 23. g5 Nh5 24. gxh6 Qxh6 25. Bf4 $2 (25. Rdg1 {Qxh6+ would kill now.} Qxd2+ 26. Kxd2 Rf2+ 27. Ne2 Rxe2+ 28. Kxe2 Kh6 29. Bf4+ Kh7 30. Rxh5#) 25... Rxf4 {[#]} 26. Qxf4 $4 {[%mdl 8192]} (26. Rxh5 $1 $18 {[%mdl 512]} Qxh5 27. Qxf4) 26... Nxf4 $2 ({Black should play} 26... Qxf4+ $19 27. Kb1 Qe5) 27. Rxh6+ $15 Kxh6 28. e5 ({Better is} 28. d6 $15) 28... Rd8 ({Black should try} 28... Kg5 {Strongly threatening ...Kf5.} 29. e6 Kf6) 29. d6 $17 cxd6 30. exd6 {[#]} Kg5 (30... Bc6 $142 $1 {White must now prevent ...Kg6.} 31. a3 Kg5 32. Rg1+ Kf5) 31. Ne4+ $2 {[%mdl 8192]} (31. d7 $17) 31... Bxe4 $19 32. d7 Ne6 33. c3 Bc6 34. Rg1+ Kf6 35. b3 Ke7 36. Kb2 Rxd7 37. Ka3 Bd5 38. c4 Be4 39. Kb4 a5+ 40. Kb5 Rb7 41. Re1 Bf3 42. Re3 Bg4 43. a4 (43. Ka6 $142 Rb8 44. Ka7) 43... Kd7 {[%cal Re6c7]} 44. Ka6 Rb8 45. Re4 {[#]} Nc5+ $1 46. Ka7 Nxe4 47. Kxb8 Nc5 48. Ka7 Nxb3 49. Kxb6 Kc8 (49... Bf3 $142 50. Kb5 Bc6+ 51. Ka6 Bxa4 52. Kb6 Bc6 53. Ka7 a4 54. c5 a3 55. Kb6 a2 56. Ka7 a1=Q+ 57. Kb8 Qa8#) 50. c5 Kb8 {( -> ...Bd7)} 51. c6 Bc8 {Accuracy: White = 53%, Black = 42%.} 0-1

[Event "Stay Safe Play From Home 236"]
[Site "Emanuel Lasker Arena"]
[Date "2020.06.18"]
[Round "3"]
[White "Trotsky"]
[Black "Aktürk"]
[Result "0-1"]
[WhiteElo "1504"]
[BlackElo "1460"]
[Annotator "NA RC"]
[PlyCount "58"]
[EventDate "2020.06.18"]
[EventType "swiss (blitz)"]

1. d4 {[%emt 0:00:01]} e6 {[%emt 0:00:00]} 2. e3 {[%emt 0:00:00]} Qf6 {[%emt 0:00:01]} 3. c4 {[%emt 0:00:01]} Qg6 {[%emt 0:00:00]} 4. Nc3 {[%emt 0:00:01]} b6 {[%emt 0:00:03]} 5. f3 {[%emt 0:00:03]} Bb7 {[%emt 0:00:01]} 6. Bd3 {[%emt 0:00:02]} Qxg2 {[%emt 0:00:03]} 7. Qc2 {[%emt 0:00:05]} Qxh1 {[%emt 0:00:02]} 8. Qf2 {[%emt 0:00:05]} Nf6 {[%emt 0:00:05]} 9. e4 {[%emt 0:00:01]} Nc6 {[%emt 0:00:03]} 10. Be3 {[%emt 0:00:01]} Nh5 {[%emt 0:00:04]} 11. O-O-O {[%emt 0:00:02]} Nb4 {[%emt 0:00:05]} 12. Nh3 {[%emt 0:00:06]} Nxd3+ {[%emt 0:00:02]} 13. Kc2 {[%emt 0:00:03]} Nxf2 {[%emt 0:00:02]} 14. Rxh1 {[%emt 0:00:02]} Nxh1 {[%emt 0:00:02]} 15. d5 {[%emt 0:00:01]} exd5 {[%emt 0:00:03]} 16. exd5 {[%emt 0:00:01]} Bd6 {[%emt 0:00:04]} 17. Ng5 {[%emt 0:00:03]} h6 {[%emt 0:00:04]} 18. Nge4 {[%emt 0:00:02]} f5 {[%emt 0:00:02]} 19. Nxd6+ {[%emt 0:00:02]} cxd6 {[%emt 0:00:01]} 20. b4 {[%emt 0:00:02]} Rf8 {[%emt 0:00:03]} 21. Bd4 {[%emt 0:00:01]} f4 {[%emt 0:00:01]} 22. c5 {[%emt 0:00:01]} Nf2 {[%emt 0:00:03]} 23. Bxf2 {[%emt 0:00:05]} Nf6 {[%emt 0:00:01]} 24. c6 {[%emt 0:00:02]} dxc6 {[%emt 0:00:02]} 25. dxc6 {[%emt 0:00:01]} Bxc6 {[%emt 0:00:01]} 26. Ne4 {[%emt 0:00:01]} Bxe4+ {[%emt 0:00:01]} 27. Kb3 {[%emt 0:00:02]} Bxf3 {[%emt 0:00:02]} 28. a4 {[%emt 0:00:03]} Nd5 {[%emt 0:00:00]} 29. a5 {[%emt 0:00:01]} a6 {[%emt 0:00:01] Âðåìÿ (Lag: Av=0.24s, max=0.4s) '} 0-1

[Event "Stay Safe Play From Home 236"]
[Site "Emanuel Lasker Arena"]
[Date "2020.06.18"]
[Round "4"]
[White "Broken sword"]
[Black "BrainThinker22"]
[Result "0-1"]
[WhiteElo "2447"]
[BlackElo "2287"]
[Annotator "NA RC"]
[PlyCount "138"]
[EventDate "2020.06.18"]
[EventType "swiss (blitz)"]

1. d4 {[%emt 0:00:01]} c5 {[%emt 0:00:01]} 2. Nf3 {[%emt 0:00:00]} cxd4 {[%emt 0:00:00]} 3. Nxd4 {[%emt 0:00:01]} Nc6 {[%emt 0:00:00]} 4. Nf3 {[%emt 0:00:00]} Nf6 {[%emt 0:00:01]} 5. c4 {[%emt 0:00:00]} g6 {[%emt 0:00:00]} 6. Nc3 {[%emt 0:00:00]} Bg7 {[%emt 0:00:00]} 7. Bf4 {[%emt 0:00:01]} d6 {[%emt 0:00:00]} 8. e3 {[%emt 0:00:00]} O-O {[%emt 0:00:00]} 9. Be2 {[%emt 0:00:00]} Be6 {[%emt 0:00:00]} 10. Rc1 {[%emt 0:00:01]} Rc8 {[%emt 0:00:00]} 11. O-O {[%emt 0:00:00]} a6 {[%emt 0:00:01]} 12. b3 {[%emt 0:00:00]} Qa5 {[%emt 0:00:01]} 13. Qd2 {[%emt 0:00:01]} Nh5 {[%emt 0:00:01]} 14. Bg3 {[%emt 0:00:02]} Nxg3 {[%emt 0:00:01]} 15. hxg3 {[%emt 0:00:00]} Rfd8 {[%emt 0:00:03]} 16. Rfd1 {[%emt 0:00:01]} Bxc3 {[%emt 0:00:03]} 17. Qxc3 {[%emt 0:00:01]} Qxa2 {[%emt 0:00:01]} 18. Ra1 {[%emt 0:00:02]} Qxe2 {[%emt 0:00:01]} 19. Rd2 {[%emt 0:00:00]} Qxd2 {[%emt 0:00:03]} 20. Qxd2 {[%emt 0:00:00]} d5 {[%emt 0:00:01]} 21. c5 {[%emt 0:00:01]} Bg4 {[%emt 0:00:05]} 22. Nd4 {[%emt 0:00:02]} e5 {[%emt 0:00:01]} 23. Nxc6 {[%emt 0:00:01]} Rxc6 {[%emt 0:00:00]} 24. b4 {[%emt 0:00:00]} d4 {[%emt 0:00:01]} 25. exd4 {[%emt 0:00:00]} exd4 {[%emt 0:00:01]} 26. f3 {[%emt 0:00:03]} Be6 {[%emt 0:00:01]} 27. Re1 {[%emt 0:00:01]} d3 {[%emt 0:00:01]} 28. Qe3 {[%emt 0:00:00]} Rc7 {[%emt 0:00:03]} 29. Rd1 {[%emt 0:00:01]} Rcd7 {[%emt 0:00:01]} 30. Qe4 {[%emt 0:00:01]} Bf5 {[%emt 0:00:02]} 31. Qe5 {[%emt 0:00:03]} d2 {[%emt 0:00:01]} 32. Qe3 {[%emt 0:00:01]} Bc2 {[%emt 0:00:01]} 33. Rxd2 {[%emt 0:00:00]} Rxd2 {[%emt 0:00:00]} 34. Qe7 {[%emt 0:00:01]} R2d7 {[%emt 0:00:01]} 35. Qe5 {[%emt 0:00:01]} Bf5 {[%emt 0:00:01]} 36. g4 {[%emt 0:00:01]} Be6 {[%emt 0:00:00]} 37. Qe4 {[%emt 0:00:00]} Bd5 {[%emt 0:00:01]} 38. Qf4 {[%emt 0:00:00]} Bc6 {[%emt 0:00:00]} 39. Kh1 {[%emt 0:00:02]} Rd4 {[%emt 0:00:00]} 40. Qf6 {[%emt 0:00:01]} Re8 {[%emt 0:00:01]} 41. Kh2 {[%emt 0:00:01]} Rxb4 {[%emt 0:00:01]} 42. Kg3 {[%emt 0:00:01]} Rc4 {[%emt 0:00:01]} 43. Qd6 {[%emt 0:00:00]} Rc2 {[%emt 0:00:01]} 44. Kf4 {[%emt 0:00:02]} Rxg2 {[%emt 0:00:01]} 45. Qd4 {[%emt 0:00:00]} Rge2 {[%emt 0:00:01]} 46. Kg3 {[%emt 0:00:01]} R2e6 {[%emt 0:00:01]} 47. g5 {[%emt 0:00:01]} Re5 {[%emt 0:00:01]} 48. f4 {[%emt 0:00:01]} Re3+ {[%emt 0:00:01]} 49. Kh4 {[%emt 0:00:00]} Bg2 {[%emt 0:00:02]} 50. f5 {[%emt 0:00:01]} Rh3+ {[%emt 0:00:01]} 51. Kg4 {[%emt 0:00:00]} Re4+ {[%emt 0:00:01]} 52. Qxe4 {[%emt 0:00:00]} Bxe4 {[%emt 0:00:00]} 53. fxg6 {[%emt 0:00:01]} Bf5+ {[%emt 0:00:00]} 54. Kxf5 {[%emt 0:00:01]} hxg6+ {[%emt 0:00:00]} 55. Kg4 {[%emt 0:00:00]} Rc3 {[%emt 0:00:01]} 56. c6 {[%emt 0:00:00]} Rxc6 {[%emt 0:00:00]} 57. Kf3 {[%emt 0:00:00]} Rc5 {[%emt 0:00:00]} 58. Kf4 {[%emt 0:00:00]} Rf5+ {[%emt 0:00:00]} 59. Kg4 {[%emt 0:00:01]} b5 {[%emt 0:00:00]} 60. Kh4 {[%emt 0:00:00]} b4 {[%emt 0:00:00]} 61. Kg4 {[%emt 0:00:00]} b3 {[%emt 0:00:00]} 62. Kh4 {[%emt 0:00:00]} b2 {[%emt 0:00:00]} 63. Kg4 {[%emt 0:00:01]} b1=Q {[%emt 0:00:00]} 64. Kg3 {[%emt 0:00:00]} Qb4 {[%emt 0:00:00]} 65. Kh3 {[%emt 0:00:01]} Rc5 {[%emt 0:00:00]} 66. Kg3 {[%emt 0:00:00]} Rc3+ {[%emt 0:00:00]} 67. Kg2 {[%emt 0:00:00]} Qb2+ {[%emt 0:00:00]} 68. Kf1 {[%emt 0:00:00]} Rc2 {[%emt 0:00:00]} 69. Ke1 {[%emt 0:00:01]} Rc1# {[%emt 0:00:00] (Lag: Av=0.27s, max=0.8s)} 0-1